[Event "119th NZL-ch op"]
[Site "Queenstown NZL"]
[Date "2012.01.22"]
[Round "8"]
[White "Capper, David"]
[Black "Judkins, Gary"]
[Result "0-1"]
[WhiteElo "1802"]
[BlackElo "1619"]
[EventDate "2012.01.15"]
[PlyCount "68"]

1.Nf3 d5 2.c4 Nf6 3.cxd5 Nxd5 4.g3 e6 5.Bg2 Bd6 6.O-O O-O 7.e4 Ne7 8.e5 
Bc5 9.d4 Bb6 10.Nc3 a6 11.Be3 Nd5 12.Nxd5 exd5 13.Qd3 Bd7 14.a4 Nc6 15.Qd2
Qc8 16.Rfc1 Ne7 17.a5 Ba7 18.Qc2 c6 19.Ng5 Bf5 20.Qd2 h6 21.Nf3 Qe6 22.h4 
Be4 23.Kh2 f5 24.exf6 Rxf6 25.Ne5 Bxg2 26.Kxg2 Raf8 27.g4 Ng6 28.Rh1 Nxe5 
29.dxe5 Qxg4+ 30.Kf1 Bxe3 31.Qxe3 Qc4+ 32.Kg1 Rg6+ 33.Kh2 Qxh4+ 34.Qh3 
Rxf2# 0-1

[Event "119th NZL-ch op"]
[Site "Queenstown NZL"]
[Date "2012.01.22"]
[Round "8"]
[White "Cheng, Bobby"]
[Black "Zelesco, Karl"]
[Result "1-0"]
[WhiteElo "2375"]
[BlackElo "1990"]
[EventDate "2012.01.15"]
[PlyCount "71"]

1.c4 e5 2.g3 c6 3.d4 e4 4.Nc3 d5 5.Nh3 dxc4 6.Nxe4 Qd5 7.f3 Ne7 8.Nc3 Qd8 
9.e4 b5 10.Be3 Bb7 11.Qd2 Ng6 12.f4 Bb4 13.Bg2 Nd7 14.O-O Qa5 15.a3 Bxc3 
16.bxc3 Nb6 17.f5 Nf8 18.f6 g6 19.d5 cxd5 20.exd5 O-O-O 21.Ng5 Bxd5 22.
Rad1 Rd7 23.Bxd5 Nxd5 24.Nxf7 Nxc3 25.Nd6+ Kc7 26.Qxc3 Qxc3 27.Nxb5+ Kc6 
28.Nxc3 Ne6 29.Rxd7 Kxd7 30.f7 a6 31.Bh6 Ke7 32.Nd5+ Kd6 33.Ne3 Ke7 34.
Nxc4 Rc8 35.Re1 Kxf7 36.Nd6+ 1-0

[Event "119th NZL-ch op"]
[Site "Queenstown NZL"]
[Date "2012.01.22"]
[Round "8"]
[White "Dive, Russell John"]
[Black "Jones, Gawain"]
[Result "0-1"]
[WhiteElo "2345"]
[BlackElo "2653"]
[EventDate "2012.01.15"]
[PlyCount "48"]

1.d4 Nf6 2.c4 g6 3.Nc3 Bg7 4.e4 d6 5.Nge2 Nbd7 6.h3 c5 7.d5 b5 8.cxb5 a6 
9.Ng3 h5 10.Be2 O-O 11.O-O axb5 12.Bxb5 Ba6 13.Qe2 Qa5 14.Bxa6 Qxa6 15.Bg5
Rfb8 16.Qc2 Ne5 17.Rad1 c4 18.Qe2 Nd3 19.Rd2 Nh7 20.Bxe7 Bh6 21.e5 Nxe5 
22.Nce4 Re8 23.Nf6+ Nxf6 24.Bxf6 Nd7 0-1

[Event "119th NZL-ch op"]
[Site "Queenstown NZL"]
[Date "2012.01.22"]
[Round "8"]
[White "Dordevic, Ivan"]
[Black "Smochina, Carolina"]
[Result "1-0"]
[WhiteElo "2060"]
[BlackElo "2167"]
[EventDate "2012.01.15"]
[PlyCount "59"]

1.e4 c5 2.Nf3 Nc6 3.d4 cxd4 4.Nxd4 e5 5.Nb5 d6 6.N1c3 a6 7.Na3 Be6 8.Nc4 
Rc8 9.Be3 Nd4 10.Bxd4 Bxc4 11.Bxc4 Rxc4 12.Be3 Nf6 13.Qd3 Qc7 14.Bg5 Rd4 
15.Qe2 Qc4 16.Bxf6 gxf6 17.Qxc4 Rxc4 18.O-O-O f5 19.exf5 Rf4 20.f3 Rxf5 
21.Ne4 Kd7 22.Rd3 h5 23.Rhd1 Rh6 24.c4 Rg6 25.c5 Rxg2 26.cxd6 Bh6+ 27.Kb1 
Bg5 28.Rc3 Bd8 29.Nc5+ Ke8 30.Nxb7 1-0

[Event "119th NZL-ch op"]
[Site "Queenstown NZL"]
[Date "2012.01.22"]
[Round "8"]
[White "Flitney, Adrian"]
[Black "Fairbairn, Stephen"]
[Result "0-1"]
[WhiteElo "1959"]
[BlackElo "2052"]
[EventDate "2012.01.15"]
[PlyCount "24"]

1.e4 Nf6 2.e5 Nd5 3.c4 Nb6 4.c5 Nd5 5.Bc4 e6 6.Nc3 Nxc3 7.dxc3 Nc6 8.Bf4 
Bxc5 9.Qg4 g5 10.Bxg5 Rg8 11.Bxd8 Rxg4 12.Bxc7 Rxc4 0-1

[Event "119th NZL-ch op"]
[Site "Queenstown NZL"]
[Date "2012.01.22"]
[Round "8"]
[White "Fuatai, Fuatai"]
[Black "Press, Harry"]
[Result "1-0"]
[WhiteElo "2031"]
[BlackElo "1884"]
[EventDate "2012.01.15"]
[PlyCount "59"]

1.e4 c5 2.Nf3 e6 3.d4 cxd4 4.Nxd4 a6 5.c4 Nf6 6.Nc3 Bb4 7.Bd3 d6 8.Qa4+ 
Nc6 9.Nxc6 Bxc3+ 10.bxc3 Qd7 11.Ba3 bxc6 12.e5 dxe5 13.Rd1 c5 14.Qa5 Qc6 
15.Bxc5 Nd7 16.Ba3 Bb7 17.f3 Qb6 18.Qxb6 Nxb6 19.Rb1 Nxc4 20.Bxc4 Bd5 21.
Bxd5 exd5 22.Rb7 O-O-O 23.Rxf7 Rd7 24.Rxd7 Kxd7 25.Kd2 Kc6 26.Kd3 Rb8 27.
Re1 Re8 28.Bc1 Kc5 29.Bf4 Kd6 30.Rxe5 1-0

[Event "119th NZL-ch op"]
[Site "Queenstown NZL"]
[Date "2012.01.22"]
[Round "8"]
[White "Gao, Hans"]
[Black "Liu, Yi"]
[Result "0-1"]
[WhiteElo "1924"]
[BlackElo "2072"]
[EventDate "2012.01.15"]
[PlyCount "72"]

1.e4 e6 2.d4 d5 3.Nd2 Nf6 4.Bd3 c5 5.c3 cxd4 6.cxd4 dxe4 7.Nxe4 Nbd7 8.Nf3
Nxe4 9.Bxe4 Nf6 10.Bc2 Bb4+ 11.Bd2 Bxd2+ 12.Qxd2 b6 13.O-O O-O 14.Rad1 Bb7
15.Qf4 Rc8 16.Bb1 Bxf3 17.Qxf3 Qd5 18.Qa3 Rc7 19.Rd3 Rd8 20.Rfd1 Rcd7 21.
Bc2 Qd6 22.Qa4 Nd5 23.a3 Ne7 24.h3 g6 25.Qb5 Qc6 26.Qb3 Rd6 27.Qc3 Qb7 28.
Bb3 Nf5 29.R1d2 Qe4 30.Bc2 Qe1+ 31.Kh2 Nxd4 32.f4 Ne2 33.Rxe2 Qxe2 34.Rxd6
Rxd6 35.Qc8+ Kg7 36.Qc3+ e5 0-1

[Event "119th NZL-ch op"]
[Site "Queenstown NZL"]
[Date "2012.01.22"]
[Round "8"]
[White "Gloistein, Bruce"]
[Black "Rains, Timothy"]
[Result "0-1"]
[WhiteElo "1787"]
[BlackElo "1737"]
[EventDate "2012.01.15"]
[PlyCount "78"]

1.e4 c5 2.Nf3 Nc6 3.c3 g6 4.d4 cxd4 5.cxd4 Bg7 6.Nc3 Qb6 7.Nd5 Qd8 8.Bf4 
d6 9.h3 e6 10.Nc3 Nge7 11.Be2 O-O 12.O-O a6 13.Qd2 d5 14.e5 Qb6 15.Rad1 
Bd7 16.Na4 Qc7 17.Nc5 b6 18.Nxa6 Qb7 19.Nb4 Nxb4 20.Qxb4 Nc6 21.Qd2 Rxa2 
22.Rc1 Na5 23.Rc3 b5 24.Rfc1 Nc4 25.Bxc4 bxc4 26.Rb1 Rb8 27.Qe1 Bf8 28.Bg5
Rxb2 29.Ra1 Bb4 30.Qe3 Bxc3 31.Bf6 Qc8 32.Qxc3 Rb1+ 33.Kh2 R8b3 34.Qa5 
Rxa1 35.Qxa1 c3 36.Qc1 c2 37.Nd2 Rd3 38.Bg5 Ba4 39.Nb1 Rd1 0-1

[Event "119th NZL-ch op"]
[Site "Queenstown NZL"]
[Date "2012.01.22"]
[Round "8"]
[White "Guo, Emma"]
[Black "Wallis, Christopher"]
[Result "0-1"]
[WhiteElo "2010"]
[BlackElo "2259"]
[EventDate "2012.01.15"]
[PlyCount "56"]

1.e4 e6 2.d4 d5 3.e5 c5 4.c3 Nc6 5.Nf3 Bd7 6.Bd3 cxd4 7.cxd4 Qb6 8.Nc3 
Nxd4 9.Nxd4 Qxd4 10.O-O a6 11.Qe2 Ne7 12.Kh1 Nc6 13.f4 Nb4 14.Rd1 Bc5 15.
Nb5 axb5 16.Bxb5 Qf2 17.Bxd7+ Kxd7 18.Qb5+ Kc7 19.Bd2 Nc6 20.Rac1 Rxa2 21.
Rxc5 Qxd2 22.Rdc1 Rxb2 23.Rxc6+ Kb8 24.Rc8+ Rxc8 25.Rxc8+ Kxc8 26.Qc5+ Kb8
27.Qd6+ Ka7 28.Qc5+ Ka6 0-1

[Event "119th NZL-ch op"]
[Site "Queenstown NZL"]
[Date "2012.01.22"]
[Round "8"]
[White "Hansen, Sune Berg"]
[Black "Dragicevic, Domagoj"]
[Result "1-0"]
[WhiteElo "2572"]
[BlackElo "2277"]
[EventDate "2012.01.15"]
[PlyCount "65"]

1.d4 Nf6 2.Nf3 g6 3.Nbd2 Bg7 4.e4 d6 5.Bd3 O-O 6.O-O c5 7.c3 cxd4 8.cxd4 
Nc6 9.Re1 Bd7 10.a3 a5 11.h3 Nh5 12.d5 Nb8 13.Nc4 b5 14.Ne3 Na6 15.Ng4 Nc5
16.Nh6+ Kh8 17.Bf1 a4 18.Rb1 Rb8 19.e5 dxe5 20.Nxe5 Be8 21.g4 Nf6 22.Bg2 
Nb3 23.Bf4 Rc8 24.Nc6 Bxc6 25.dxc6 Qd4 26.Qxd4 Nxd4 27.Rbc1 e6 28.g5 Nd5 
29.Bd6 Rxc6 30.Rxc6 Nxc6 31.Bxf8 Bxf8 32.Nxf7+ Kg7 33.Rxe6 1-0

[Event "119th NZL-ch op"]
[Site "Queenstown NZL"]
[Date "2012.01.22"]
[Round "8"]
[White "Hartvig, Ove Weiss"]
[Black "Ker, Anthony"]
[Result "1-0"]
[WhiteElo "2210"]
[BlackElo "2359"]
[EventDate "2012.01.15"]
[PlyCount "129"]

1.e4 d6 2.d4 Nf6 3.Nc3 g6 4.f4 Bg7 5.Nf3 c5 6.e5 Nfd7 7.exd6 O-O 8.Be3 
exd6 9.Qd2 Nc6 10.O-O-O Qa5 11.Kb1 Nf6 12.Nb5 Qxd2 13.Rxd2 Ne4 14.Rd1 cxd4
15.Nbxd4 Re8 16.Nb5 Nc3+ 17.Nxc3 Rxe3 18.Nd5 Re4 19.Bd3 Ra4 20.Bb5 Ra5 21.
Bxc6 bxc6 22.Ne7+ Kf8 23.Nxc8 Rxc8 24.Rxd6 Rb5 25.b3 Rb7 26.Rhd1 Ke7 27.
R6d3 a5 28.a4 c5 29.Nd2 Bh6 30.Re1+ Kf8 31.g3 Bg7 32.Nc4 Ra7 33.c3 h5 34.
Kc2 Bf6 35.Nb6 Rc6 36.Nc4 Rc8 37.Rd5 Kg7 38.Nd6 Rc6 39.Ne8+ Kf8 40.Nxf6 
Rxf6 41.Rxc5 Rd6 42.Rd1 Re6 43.f5 Rf6 44.Rdd5 Rfa6 45.h3 Kg7 46.g4 hxg4 
47.hxg4 Ra8 48.g5 gxf5 49.Rxf5 Kg6 50.Rfd5 R8a7 51.Rb5 Kg7 52.c4 Kg6 53.c5
Rc7 54.Kd3 Rcc6 55.Kc4 f5 56.gxf6 Kxf6 57.Rb7 Rc8 58.Kb5 Raa8 59.Rb6+ Ke7 
60.Rh5 Kf7 61.Rh7+ Kg8 62.Rd7 Rf8 63.c6 Rf3 64.c7 Rxb3+ 65.Kc6 1-0

[Event "119th NZL-ch op"]
[Site "Queenstown NZL"]
[Date "2012.01.22"]
[Round "8"]
[White "Haznedaroglu, Kivanc"]
[Black "Steadman, Michael"]
[Result "0-1"]
[WhiteElo "2455"]
[BlackElo "2258"]
[EventDate "2012.01.15"]
[PlyCount "152"]

1.d4 e6 2.c4 f5 3.g3 Nf6 4.Bg2 c6 5.Nh3 d6 6.O-O Be7 7.Nc3 Qc7 8.e4 e5 9.
dxe5 dxe5 10.exf5 Bxf5 11.Ng5 O-O 12.Be3 Na6 13.Nge4 Ng4 14.Qe2 Nxe3 15.
fxe3 Bb4 16.c5 Qe7 17.Rxf5 Rxf5 18.Na4 Rd8 19.a3 Ba5 20.Nd6 Rff8 21.b4 Bb6
22.Nxb7 Qxb7 23.cxb6 axb6 24.b5 Nc7 25.Bxc6 Qa7 26.Nc3 Ne8 27.Ne4 h6 28.
Qg4 Qf7 29.Qe2 Qb3 30.Nf2 Nf6 31.a4 Qc3 32.Ra2 Nd5 33.Bxd5+ Rxd5 34.Kg2 
Rfd8 35.Rc2 Qb4 36.Rc4 Qd2 37.Kf1 Qxe2+ 38.Kxe2 Rd2+ 39.Ke1 Ra2 40.Ne4 
Rxh2 41.Nf2 Rf8 42.Rc2 Rf3 43.a5 bxa5 44.Rb2 Rxe3+ 45.Kf1 Rf3 46.b6 Rhxf2+
47.Rxf2 Rb3 48.Ra2 Rxb6 49.Rxa5 Rf6+ 50.Ke2 Re6 51.Ke3 Kf7 52.Ke4 Kf6 53.
Ra7 Rd6 54.Kf3 g6 55.Rh7 h5 56.g4 hxg4+ 57.Kxg4 Rd4+ 58.Kf3 Rf4+ 59.Ke3 
Kg5 60.Re7 Rf5 61.Re6 Kh5 62.Ke4 Rf1 63.Rxe5+ Kg4 64.Kd3 g5 65.Ra5 Re1 66.
Kd2 Re8 67.Ra1 Kf3 68.Ra3+ Kf2 69.Ra4 Rd8+ 70.Kc2 Rg8 71.Kd3 g4 72.Ke4 g3 
73.Ra2+ Kg1 74.Kf3 g2 75.Ra7 Rb8 76.Ke2 Rh8 0-1

[Event "119th NZL-ch op"]
[Site "Queenstown NZL"]
[Date "2012.01.22"]
[Round "8"]
[White "Ikeda, Junta"]
[Black "Tao, Trevor"]
[Result "0-1"]
[WhiteElo "2349"]
[BlackElo "2422"]
[EventDate "2012.01.15"]
[PlyCount "112"]

1.c4 c5 2.Nf3 Nc6 3.g3 g6 4.Bg2 Bg7 5.Nc3 d6 6.O-O Bd7 7.e3 Bxc3 8.dxc3 
Qc8 9.Re1 Bh3 10.Bh1 Bg4 11.Qc2 Kf8 12.e4 Kg7 13.Nh4 Nf6 14.f3 Bh3 15.Be3 
h6 16.f4 Ng4 17.Bd2 Rb8 18.Bg2 Bxg2 19.Kxg2 e5 20.Rf1 exf4 21.Rxf4 Nge5 
22.Raf1 Qe6 23.b3 Rbf8 24.Kh1 f6 25.Bc1 Rf7 26.Qe2 h5 27.Rd1 Ne7 28.Rff1 
g5 29.Ng2 Rff8 30.Ne3 Rd8 31.Ng2 Qh3 32.Ne3 Ng4 33.Qg2 Qxg2+ 34.Nxg2 Ne5 
35.Kg1 Rhg8 36.Kf2 Kf7 37.Ke2 Ke6 38.Be3 Rh8 39.Kd2 N7g6 40.Bf2 Nf3+ 41.
Ke2 Nxh2 42.Rh1 Ng4 43.Rh3 Rd7 44.Rdh1 Ke5 45.Rd1 Nxf2 46.Kxf2 Kxe4 47.g4 
hxg4 48.Re1+ Kf5 49.Ne3+ Ke6 50.Nxg4+ Kf7 51.Nh6+ Kf8 52.Re6 Nf4 53.Rxf6+ 
Kg7 54.Rxf4 gxf4 55.Nf5+ Kg8 56.Rd3 Rh2+ 0-1

[Event "119th NZL-ch op"]
[Site "Queenstown NZL"]
[Date "2012.01.22"]
[Round "8"]
[White "Illingworth, Max"]
[Black "Garbett, Paul Anthony"]
[Result "1/2-1/2"]
[WhiteElo "2388"]
[BlackElo "2290"]
[EventDate "2012.01.15"]
[PlyCount "90"]

1.d4 e6 2.Nf3 Nf6 3.c4 Bb4+ 4.Nc3 c5 5.g3 Ne4 6.Qd3 Qa5 7.Qxe4 Bxc3+ 8.Bd2
Bxd2+ 9.Nxd2 cxd4 10.Qxd4 O-O 11.Bg2 Nc6 12.Qe3 d5 13.O-O d4 14.Qd3 Rd8 
15.Rfd1 Qc7 16.a3 b6 17.Rac1 Bb7 18.c5 Ne5 19.cxb6 Qxc1 20.Rxc1 Nxd3 21.
exd3 Bxg2 22.Kxg2 axb6 23.Rc4 Rd5 24.Rc6 Rb8 25.Kf3 Kf8 26.b4 Ra8 27.Nc4 
b5 28.Na5 Ke8 29.Ke4 g5 30.g4 Kd7 31.Rc1 Ra6 32.Rc2 Rad6 33.f4 f5+ 34.Kf3 
gxf4 35.Kxf4 fxg4 36.Kxg4 Rf5 37.Nb7 Rc6 38.Nc5+ Ke7 39.Re2 Rcxc5 40.bxc5 
Rxc5 41.Kf4 Kd6 42.Rb2 Rh5 43.Ke4 Rh4+ 44.Kf3 Rh3+ 45.Ke4 Rh4+ 1/2-1/2

[Event "119th NZL-ch op"]
[Site "Queenstown NZL"]
[Date "2012.01.22"]
[Round "8"]
[White "Janisz, Andrew"]
[Black "Setiabudi, Megan"]
[Result "0-1"]
[WhiteElo "1989"]
[BlackElo "1755"]
[EventDate "2012.01.15"]
[PlyCount "144"]

1.e4 c5 2.Nf3 e6 3.Nc3 a6 4.d4 cxd4 5.Nxd4 Qc7 6.g3 Nf6 7.Bg2 Be7 8.O-O d6
9.Be3 O-O 10.Qe2 Nc6 11.f4 Bd7 12.Rad1 Rac8 13.Nxc6 Bxc6 14.Rd2 b5 15.a3 
Nd7 16.Rfd1 Nb6 17.b3 Nd7 18.e5 d5 19.Qf2 Bxa3 20.Ne2 Bb7 21.c3 Be7 22.Bd4
a5 23.Rc2 a4 24.bxa4 bxa4 25.Ra1 Qa5 26.Rca2 a3 27.f5 exf5 28.Qxf5 Nc5 29.
Rxa3 Qb5 30.Nc1 Ne6 31.Rb3 Nxd4 32.Rxb5 Nxf5 33.Rxb7 Bc5+ 34.Kh1 d4 35.
cxd4 Bxd4 36.Rab1 Bxe5 37.R7b5 f6 38.Nd3 Nd4 39.Nxe5 Nxb5 40.Bd5+ Kh8 41.
Nf7+ Rxf7 42.Bxf7 Nd6 43.Bd5 g6 44.Rb6 Rd8 45.Ra6 Nf5 46.Ra8 Rxa8 47.Bxa8 
Ne3 48.Kg1 Kg7 49.h3 f5 50.Kf2 Nc4 51.Bd5 Ne5 52.Ke3 Kf6 53.Bg8 h6 54.Bd5 
g5 55.Bb3 Ng6 56.Bd1 Ne7 57.Kd4 Nc6+ 58.Kd5 Nd8 59.Be2 Ne6 60.Bd1 Ng7 61.
Be2 Ne8 62.Bd1 Ng7 63.Be2 h5 64.Bd1 Ne6 65.Bxh5 f4 66.Bg4 fxg3 67.Bxe6 g2 
68.Bg4 g1=Q 69.Ke4 Qf2 70.Kd5 Qe3 71.Kd6 Qe5+ 72.Kd7 Qd4+ 0-1

[Event "119th NZL-ch op"]
[Site "Queenstown NZL"]
[Date "2012.01.22"]
[Round "8"]
[White "Johansen, Darryl"]
[Black "Gu Xiaobing"]
[Result "1-0"]
[WhiteElo "2403"]
[BlackElo "2244"]
[EventDate "2012.01.15"]
[PlyCount "113"]

1.d4 Nf6 2.c4 g6 3.Nc3 Bg7 4.e4 d6 5.Be2 O-O 6.Bg5 h6 7.Be3 Nbd7 8.Qd2 c5 
9.d5 Kh7 10.Nf3 b5 11.cxb5 a6 12.h3 Qa5 13.bxa6 Bxa6 14.Bxa6 Qxa6 15.Qe2 
Rfb8 16.Qxa6 Rxa6 17.Bc1 Nb6 18.Nd2 Na4 19.Kd1 Nxb2+ 20.Bxb2 Rxb2 21.Kc1 
Rb4 22.Kc2 Nd7 23.a3 Bxc3 24.Kxc3 Rba4 25.Nc4 Nb6 26.Nxb6 Rxb6 27.Rhe1 Kg7
28.e5 dxe5 29.Rxe5 Kf6 30.Re3 g5 31.Rf3+ Ke5 32.Rxf7 Kxd5 33.Rxe7 Rc4+ 34.
Kd2 Rb2+ 35.Ke1 Rcc2 36.Rf7 c4 37.Rd1+ Kc6 38.Rf5 c3 39.a4 Re2+ 40.Kf1 
Rec2 41.g3 Ra2 42.Rd4 Ra3 43.Kg2 Rc1 44.a5 Rc2 45.h4 gxh4 46.Rxh4 Rd2 47.
Rxh6+ Rd6 48.Rh4 Rd5 49.Rc4+ Kd6 50.Rf6+ Ke5 51.Rf3 Raxa5 52.Rcxc3 Rdb5 
53.Ra3 Rxa3 54.Rxa3 Ke4 55.Rf3 Rb8 56.g4 Rb1 57.Rf5 1-0

[Event "119th NZL-ch op"]
[Site "Queenstown NZL"]
[Date "2012.01.22"]
[Round "8"]
[White "Jones, Brian"]
[Black "King, Mathew"]
[Result "1-0"]
[WhiteElo "2092"]
[BlackElo "1961"]
[EventDate "2012.01.15"]
[PlyCount "151"]

1.d4 d5 2.c4 c6 3.e3 Nf6 4.Nf3 Bf5 5.Nc3 e6 6.Qb3 Qc7 7.Bd2 dxc4 8.Bxc4 
Nbd7 9.e4 Bg6 10.O-O Be7 11.e5 Ne4 12.Nxe4 Bxe4 13.Rfe1 Bd5 14.Bxd5 cxd5 
15.Rac1 Qb6 16.Qa4 Qd8 17.Ba5 b6 18.Bb4 b5 19.Qxb5 Rb8 20.Bxe7 Rxb5 21.
Bxd8 Kxd8 22.Rc2 h6 23.Kf1 Ke7 24.Ke2 Rhb8 25.b3 R8b7 26.Nd2 Rb4 27.Ke3 f6
28.f4 a5 29.Kd3 a4 30.Rec1 axb3 31.axb3 Ra7 32.g3 Rb8 33.Rc6 fxe5 34.fxe5 
Rf8 35.Ke3 Rb7 36.Rc7 Rfb8 37.Kd3 Kd8 38.R7c6 Ke7 39.Ra1 Rb6 40.Rxb6 Rxb6 
41.Ra7 Kd8 42.Kc3 g5 43.Nf1 Rc6+ 44.Kb2 Rb6 45.Ne3 Nb8 46.Rh7 Nc6 47.Nc2 
Na5 48.Na1 Nc4+ 49.Kc3 Ne3 50.Rxh6 Ra6 51.Kd3 Ng4 52.Rh8+ Kd7 53.Nc2 Nf2+ 
54.Ke2 Ne4 55.Rh7+ Ke8 56.Kf3 Rc6 57.Ne1 Rc3+ 58.Kg4 Rxb3 59.Ra7 Re3 60.
Ra1 Kf7 61.Kh5 Re2 62.Ra7+ Kf8 63.Nf3 Rf2 64.Nxg5 Rxh2+ 65.Kg6 Nxg5 66.
Kxg5 Rf2 67.g4 Rf1 68.Kg6 Rf4 69.g5 Rxd4 70.Kf6 Rf4+ 71.Kxe6 d4 72.Rd7 Kg8
73.g6 Kf8 74.Rf7+ Rxf7 75.gxf7 d3 76.Kf6 1-0

[Event "119th NZL-ch op"]
[Site "Queenstown NZL"]
[Date "2012.01.22"]
[Round "8"]
[White "Kay, Bruce"]
[Black "Holdaway, Stewart"]
[Result "0-1"]
[WhiteElo "1823"]
[BlackElo "1746"]
[EventDate "2012.01.15"]
[PlyCount "62"]

1.d4 Nf6 2.c4 c5 3.d5 e6 4.Nc3 exd5 5.cxd5 d6 6.g3 g6 7.Bg2 Bg7 8.Nf3 O-O 
9.O-O Re8 10.Nd2 b6 11.a4 Nbd7 12.Nc4 Ne5 13.Nxe5 Rxe5 14.Bf4 Re8 15.e4 
Nh5 16.Be3 Nf6 17.Qc2 Ba6 18.Rfe1 Ng4 19.Nb5 Bxb5 20.axb5 Nxe3 21.Rxe3 Qf6
22.Ra2 Qd4 23.Rea3 Qb4 24.Qe2 Re7 25.Ra6 Qb3 26.Qf1 c4 27.Qa1 Bd4 28.Rxa7 
Raxa7 29.Rxa7 Rxa7 30.Qxa7 Qd1+ 31.Bf1 Qe1 0-1

[Event "119th NZL-ch op"]
[Site "Queenstown NZL"]
[Date "2012.01.22"]
[Round "8"]
[White "Kempen, Leon"]
[Black "Machdoem, Andhika"]
[Result "1-0"]
[WhiteElo "1999"]
[BlackElo "2129"]
[EventDate "2012.01.15"]
[PlyCount "59"]

1.e4 e6 2.d4 d5 3.Nd2 c5 4.exd5 exd5 5.Bb5+ Nc6 6.Ngf3 Nf6 7.O-O Be7 8.
dxc5 Bxc5 9.Nb3 Be7 10.Re1 O-O 11.c3 Bf5 12.Nbd4 Nxd4 13.Nxd4 Bg6 14.Bg5 
Rc8 15.Bd3 Re8 16.Bb5 Rf8 17.Bd3 Qd7 18.Qe2 Bd8 19.Qf3 Ne4 20.Bxd8 Qxd8 
21.Qe3 Re8 22.Bb5 Rf8 23.Bd3 Nc5 24.Bf5 Bxf5 25.Nxf5 Re8 26.Qd4 Qg5 27.Nd6
Rxe1+ 28.Rxe1 Ne6 29.Nxc8 h5 30.Qxd5 1-0

[Event "119th NZL-ch op"]
[Site "Queenstown NZL"]
[Date "2012.01.22"]
[Round "8"]
[White "Koerber, Matthias"]
[Black "Safarian, Alek"]
[Result "1-0"]
[WhiteElo "1916"]
[BlackElo "2036"]
[EventDate "2012.01.15"]
[PlyCount "143"]

1.d4 d5 2.c4 e6 3.Nc3 c6 4.e3 Nf6 5.Nf3 Nbd7 6.Qc2 Be7 7.b3 O-O 8.Bd3 Re8 
9.O-O c5 10.Bb2 cxd4 11.exd4 dxc4 12.bxc4 b6 13.Ne5 Bb7 14.Rad1 h6 15.Rfe1
Nf8 16.Qa4 Qc8 17.Re3 N6d7 18.Nf3 Nf6 19.Ne5 N6d7 20.f4 Nxe5 21.fxe5 Qd7 
22.Qxd7 Nxd7 23.Kf1 Rac8 24.a4 Bb4 25.Be2 f6 26.exf6 Nxf6 27.Nb5 Ne4 28.
Nxa7 Ra8 29.Nb5 Rxa4 30.Kg1 Ra2 31.Rb3 Ba5 32.Bf3 Nd2 33.Rxd2 Bxf3 34.Nc3 
Bxc3 35.Rxc3 Bc6 36.Rb3 Ra4 37.d5 exd5 38.cxd5 Rd8 39.d6 b5 40.Rc3 Rc4 41.
Re3 Re4 42.Rxe4 Bxe4 43.Kf2 Kf7 44.Ke3 Bc6 45.Be5 Ke6 46.Kd4 g6 47.Rf2 Rg8
48.Rf6+ Kd7 49.Rf7+ Ke8 50.Re7+ Kd8 51.Rc7 Bd7 52.Bf6+ Ke8 53.Ke5 Rf8 54.
Rb7 Rg8 55.g4 h5 56.h3 hxg4 57.hxg4 g5 58.Ra7 Rf8 59.Bxg5 Rf1 60.Bh4 Bxg4 
61.Re7+ Kf8 62.d7 Bxd7 63.Rxd7 Rf7 64.Rd4 Rb7 65.Bf6 b4 66.Ke6 Rb6+ 67.Kf5
Kf7 68.Rd7+ Ke8 69.Re7+ Kf8 70.Kg6 b3 71.Rd7 Rb8 72.Rh7 1-0

[Event "119th NZL-ch op"]
[Site "Queenstown NZL"]
[Date "2012.01.22"]
[Round "8"]
[White "Lauterbach, Ingrid"]
[Black "Goodhue, Nathan"]
[Result "1/2-1/2"]
[WhiteElo "2053"]
[BlackElo "1945"]
[EventDate "2012.01.15"]
[PlyCount "180"]

1.g3 d5 2.Bg2 c6 3.d3 f5 4.Nf3 Nf6 5.O-O e6 6.Nbd2 Be7 7.c4 O-O 8.Ne5 Nbd7
9.Ndf3 Nxe5 10.Nxe5 Nd7 11.Nxd7 Qxd7 12.Qb3 d4 13.e3 Bc5 14.Bd2 e5 15.Rad1
b6 16.Qa4 Bb7 17.b4 Be7 18.exd4 exd4 19.c5 bxc5 20.bxc5 Kh8 21.Rc1 Rfc8 
22.Bf4 Bf6 23.Rfe1 a5 24.Rb1 Ba6 25.Rb6 Bb5 26.Qc2 g5 27.Be5 Bxe5 28.Rxe5 
Re8 29.Rxe8+ Rxe8 30.Bf1 a4 31.Qd2 f4 32.Bg2 Qe6 33.Be4 fxg3 34.hxg3 Qf6 
35.Rb7 Re7 36.Rxe7 Qxe7 37.Qa5 Qxc5 38.Qc7 Kg8 39.Qxh7+ Kf8 40.Qg6 Ke7 41.
Kg2 Kd7 42.Qf7+ Qe7 43.Bf5+ Kd6 44.Qxe7+ Kxe7 45.a3 c5 46.Kf3 Kf6 47.Be4 
Bd7 48.Bd5 Ke5 49.Bc4 g4+ 50.Ke2 Kf5 51.Bd5 Ke5 52.Bf7 Kf6 53.Bg8 Kf5 54.
Bh7+ Kg5 55.f3 gxf3+ 56.Kxf3 Bc6+ 57.Be4 Bb5 58.Kf2 Kg4 59.Kg2 Ba6 60.Bf3+
Kg5 61.Be2 Bb7+ 62.Bf3 Ba6 63.Be4 Bb5 64.Kf3 Ba6 65.Ke2 Bb5 66.Bf3 Kf5 67.
Kd2 Kg5 68.Bd1 Be8 69.Ke1 Bb5 70.Kd2 Bc6 71.Be2 Bb5 72.Bf3 Bd7 73.Ke1 Be8 
74.Kf2 Bd7 75.Be4 Be8 76.Bh7 Bd7 77.Bg8 Be8 78.Bd5 Bb5 79.Be4 Be8 80.Bg2 
Bb5 81.Bf1 Be8 82.Bh3 Bb5 83.Ke2 Be8 84.Bc8 Bc6 85.Be6 Bb5 86.Bc8 Bc6 87.
Ba6 Kg4 88.Kf2 Kg5 89.Bc8 Bb5 90.Ke2 Bc6 1/2-1/2

[Event "119th NZL-ch op"]
[Site "Queenstown NZL"]
[Date "2012.01.22"]
[Round "8"]
[White "Li Chao"]
[Black "Rozentalis, Eduardas"]
[Result "1-0"]
[WhiteElo "2693"]
[BlackElo "2592"]
[EventDate "2012.01.15"]
[PlyCount "139"]

1.Nf3 Nf6 2.c4 e6 3.g3 b6 4.Bg2 Bb7 5.O-O Be7 6.b3 O-O 7.Bb2 d5 8.e3 Nbd7 
9.Nc3 Nc5 10.d4 Nce4 11.Nxe4 Nxe4 12.Qe2 a5 13.a4 Bb4 14.Ne5 f5 15.Rfd1 
Qe7 16.Rac1 Bd6 17.Nd3 c6 18.Qe1 Rfb8 19.Rc2 Nf6 20.Rdc1 Ba6 21.Bf1 Nd7 
22.f3 c5 23.Bg2 Bb7 24.Re2 Nf6 25.cxd5 Ba6 26.Rd2 Bxd3 27.Rxd3 Nxd5 28.e4 
Nb4 29.Rdd1 cxd4 30.Bxd4 e5 31.Bf2 f4 32.Qe2 Rc8 33.Bh3 Rxc1 34.Rxc1 Rb8 
35.Qc4+ Kf8 36.Kg2 Bc5 37.Bxc5 bxc5 38.Qxc5 Nd3 39.Qxe7+ Kxe7 40.Rc3 Rd8 
41.Rc7+ Kf6 42.Rc6+ Ke7 43.Kf1 Rd6 44.Rc7+ Kf6 45.Bd7 Nb4 46.Bb5 Rd2 47.
Bc4 g5 48.Rf7+ Kg6 49.Re7 Rxh2 50.Re6+ Kh5 51.Bb5 g4 52.Rxe5+ Kh6 53.gxf4 
gxf3 54.Rc5 Rh4 55.Kf2 Rxf4 56.e5 Rf5 57.Bf1 Kg5 58.Rxa5 Nc6 59.Rb5 Nxe5 
60.a5 Kf4 61.Rb4+ Kg5 62.a6 Ng4+ 63.Kg3 Ne3 64.a7 Ra5 65.Rb5+ Nf5+ 66.Kxf3
Rxa7 67.Bd3 Rf7 68.b4 h5 69.Rd5 h4 70.b5 1-0

[Event "119th NZL-ch op"]
[Site "Queenstown NZL"]
[Date "2012.01.22"]
[Round "8"]
[White "Li Xiang Wei, William"]
[Black "Duneas, John"]
[Result "1/2-1/2"]
[WhiteElo "1672"]
[BlackElo "2087"]
[EventDate "2012.01.15"]
[PlyCount "143"]

1.e4 Nf6 2.e5 Nd5 3.d4 d6 4.c4 Nb6 5.exd6 cxd6 6.Nc3 g6 7.Be3 Bg7 8.Rc1 
O-O 9.b3 Nc6 10.d5 Ne5 11.Be2 h5 12.h3 Re8 13.f4 Ned7 14.g4 e6 15.Bd4 Bxd4
16.Qxd4 Qh4+ 17.Qf2 Qxf2+ 18.Kxf2 exd5 19.Nb5 Re4 20.Kf3 hxg4+ 21.hxg4 Nf6
22.g5 Nh5 23.Rh4 Re7 24.Nxd6 dxc4 25.Nxc4 Bf5 26.Nd6 Bd7 27.Kf2 Bc6 28.
Bxh5 gxh5 29.Nf5 Re4 30.Nf3 Nd5 31.Rc4 Rae8 32.Ne5 Nxf4 33.Nxc6 Rxc4 34.
Nce7+ Kf8 35.bxc4 Ng6 36.Nxg6+ fxg6 37.Nd4 Re5 38.Rh3 Ra5 39.a3 Ke7 40.
Re3+ Kd7 41.Nf3 Kd6 42.Rb3 b6 43.Ke3 Ke6 44.Nd4+ Kd6 45.Kf4 Kc5 46.Nf3 
Kxc4 47.Rb4+ Kd5 48.a4 Kd6 49.Re4 Rf5+ 50.Kg3 Kd7 51.Rf4 Ra5 52.Re4 Kd6 
53.Kh4 b5 54.axb5 Rxb5 55.Rf4 Ke7 56.Rf6 Rb4+ 57.Kh3 Rb6 58.Rxb6 axb6 59.
Ne5 Ke6 60.Nxg6 Kf5 61.Ne7+ Kxg5 62.Nd5 b5 63.Nb4 Kf4 64.Kh4 Ke4 65.Kxh5 
Kd4 66.Kg5 Kc4 67.Na6 Kb3 68.Kf4 Ka4 69.Ke3 Ka5 70.Nc5 b4 71.Kd3 Kb5 72.
Nb3 1/2-1/2

[Event "119th NZL-ch op"]
[Site "Queenstown NZL"]
[Date "2012.01.22"]
[Round "8"]
[White "Louie, Ryan"]
[Black "Lester, George"]
[Result "1-0"]
[WhiteElo "1677"]
[BlackElo "2008"]
[EventDate "2012.01.15"]
[PlyCount "70"]

1.d4 Nf6 2.c4 g6 3.Nc3 Bg7 4.e4 d6 5.f3 O-O 6.Be3 a6 7.Qd2 Nbd7 8.g4 c5 9.
Nge2 cxd4 10.Nxd4 h5 11.h3 Ne5 12.Be2 Bd7 13.f4 Nc6 14.O-O-O hxg4 15.hxg4 
Nxg4 16.Bxg4 Bxg4 17.Nxc6 bxc6 18.Rdg1 f5 19.Rxg4 fxg4 20.f5 gxf5 21.Qh2 
Rf7 22.Qh7+ Kf8 23.Bh6 Bxh6+ 24.Qxh6+ Ke8 25.Qg6 e6 26.Rh8+ Ke7 27.Qg5+ 
Kd7 28.Rxd8+ Rxd8 29.Ne2 fxe4 30.Qxg4 d5 31.Nd4 Re8 32.c5 Rfe7 33.a4 Kc7 
34.Qg6 Kd7 35.Qf6 Kc8 1-0

[Event "119th NZL-ch op"]
[Site "Queenstown NZL"]
[Date "2012.01.22"]
[Round "8"]
[White "Lukey, Stephen"]
[Black "Chen, Pengyu"]
[Result "1-0"]
[WhiteElo "2261"]
[BlackElo "2056"]
[EventDate "2012.01.15"]
[PlyCount "55"]

1.d4 Nf6 2.c4 e6 3.Nf3 c5 4.d5 d6 5.Nc3 exd5 6.cxd5 g6 7.e4 a6 8.Bf4 b5 9.
Qe2 b4 10.e5 bxc3 11.exf6+ Kd7 12.Qc4 cxb2 13.Rb1 Qxf6 14.Bg5 Qg7 15.Qa4+ 
Kc7 16.Qa5+ Kb7 17.Bc1 Bf5 18.Rxb2+ Kc8 19.Rxb8+ Rxb8 20.Bxa6+ Kd7 21.Bb5+
Rxb5 22.Qxb5+ Kd8 23.O-O f6 24.Re1 Bd7 25.Qb8+ Bc8 26.Qb6+ Kd7 27.Qc6+ Kd8
28.Re8# 1-0